01043 a2200181 45000010006000000050017000060080041000230030015000640400040000790800070001192450026001892640033002153000019002485050548002670410008008151000018008237000020008412725520260407155549.0260407a1959 arg spa dAR-UNSa-BCEJYS aAR-UNSa-BCEJYSbspacAR-UNSa-BCEJYS a514.11xGeometría elemental. Trigonometría y poligonometría10aTrigonometría plana 1aBarcelona :bRevertéc1959 a216 p.c23 cm. a1.Funciones trigonométricas – 2. Resolución de triángulos rectángulos – 3. Identidades fundamentales – 4. Reducción de funciones trigonométricas al primer cuadrante – 5. Medida angular – 6. Variación y gráficas de las funciones trigonométricas – 7. Funciones de un ángulo compuesto – 8. Logaritmos – 9. Resolución logarítmica de triángulos rectángulos – 10. Triángulos oblicuángulos – 11. Ecuaciones trigonométricas – 12. Funciones trigonométricas inversas – 13. Números complejos. aspa1 aRees, Paul K.1 aSparks, Fred W.